UM Logo

Reading instruction for children with down syndrome : (Record no. 18432)

MARC details
000 -LEADER
fixed length control field 01151nam a22002657a 4500
003 - CONTROL NUMBER IDENTIFIER
control field OSt
005 - DATE AND TIME OF LATEST TRANSACTION
control field 20250909135551.0
008 - FIXED-LENGTH DATA ELEMENTS--GENERAL INFORMATION
fixed length control field 231118b ||||| |||| 00| 0 eng d
040 ## - CATALOGING SOURCE
Transcribing agency 0
082 ## - DEWEY DECIMAL CLASSIFICATION NUMBER
Classification number DPer 371.905 Ex22 January-December 2022 v. 30 n. 1-5
100 ## - MAIN ENTRY--PERSONAL NAME
Personal name King, Seth A.
Relator term author.
9 (RLIN) 50006
245 ## - TITLE STATEMENT
Title Reading instruction for children with down syndrome :
Remainder of title extending research on behavioral phenotype aligned interventions /
Statement of responsibility, etc. Seth A. King, Christopher J. Lemons, Kimberly A. Davidson, Deborah Fulmer, and Alicia A. Mrachko.
260 ## - PUBLICATION, DISTRIBUTION, ETC. (IMPRINT)
Place of publication, distribution, etc. Philadelphia ;
Name of publisher, distributor, etc. Taylor & Francis Group ,
Date of publication, distribution, etc. May 2022.
300 ## - PHYSICAL DESCRIPTION
Extent Volume 30, pages 92-108 :
Other physical details illustration ;
Dimensions 26 cm.
500 ## - GENERAL NOTE
General note Exceptionality: A Special Education Journal, vol. 30, no. 2, pages 92-108, May 2022.
650 ## - SUBJECT ADDED ENTRY--TOPICAL TERM
Topical term or geographic name as entry element Reading.
9 (RLIN) 50007
650 ## - SUBJECT ADDED ENTRY--TOPICAL TERM
Topical term or geographic name as entry element Down syndrome.
9 (RLIN) 50008
650 ## - SUBJECT ADDED ENTRY--TOPICAL TERM
Topical term or geographic name as entry element Children.
9 (RLIN) 13927
700 ## - ADDED ENTRY--PERSONAL NAME
Personal name King, Seth A.
Relator term author.
9 (RLIN) 50006
700 ## - ADDED ENTRY--PERSONAL NAME
Personal name Lemons, Christopher J.
Relator term author.
9 (RLIN) 50009
700 ## - ADDED ENTRY--PERSONAL NAME
Personal name Davidson, Kimberly A.
Relator term author.
9 (RLIN) 50010
700 ## - ADDED ENTRY--PERSONAL NAME
Personal name Fulmer, Deborah.
Relator term author.
9 (RLIN) 50011
700 ## - ADDED ENTRY--PERSONAL NAME
Personal name Mrachko, Alicia A.
Relator term author.
9 (RLIN) 50012
942 ## - ADDED ENTRY ELEMENTS (KOHA)
Source of classification or shelving scheme Dewey Decimal Classification
Koha item type Periodicals
Holdings
Withdrawn status Lost status Source of classification or shelving scheme Damaged status Not for loan Collection code Home library Current library Date acquired Total Checkouts Full call number Date last seen Price effective from Koha item type Public note
    Dewey Decimal Classification     Periodicals UM Digos College - LIC UM Digos College - LIC 11/18/2023   DPer 371.905 Ex22 January-December 2022 v. 30 n. 1-5 11/18/2023 11/18/2023 Periodicals Periodical Article